Geography Quiz

Random Geography or City Quiz

US States by Second Largest Cities Quiz Stats

 Plays Quiz Updated Jan 9, 2018

Score 0/50 Timer 05:00
1 Play Today
% Correct
FL
90.1%
CA
89.8%
TX
88.3%
TN
87.7%
PA
87.1%
NY
86.9%
OH
86.8%
LA
86.8%
NJ
85.6%
HI
84.8%
CO
84.7%
AZ
84.2%
NC
83.6%
MN
83.5%
MO
82.3%
OK
81.6%
WI
81.4%
AL
80.6%
WA
80.2%
NE
79.3%
ND
78.4%
NM
77.2%
AK
76.3%
VA
75.8%
KY
75.4%
% Correct
CT
75.3%
OR
75%
DE
73.2%
IN
71.5%
SC
71.1%
MI
70%
MA
67.2%
WY
66.9%
IA
66.7%
MS
65.1%
MT
58.8%
NV
57.7%
SD
54.7%
WV
53.1%
KS
52.9%
UT
51.6%
AR
50.7%
NH
50.5%
IL
50.2%
ID
46.4%
RI
42%
ME
41.3%
VT
40.8%
GA
38.6%
MD
25.1%

You're not logged in!

Compare scores with friends on all Sporcle quizzes.
OR
Log In

You Might Also Like...

Show Comments

Extras

Top Quizzes Today


Score Distribution

Your Account Isn't Verified!

In order to create a playlist on Sporcle, you need to verify the email address you used during registration. Go to your Sporcle Settings to finish the process.

Report this User

Report this user for behavior that violates our Community Guidelines.

Details: